000 00639nam a2200217 4500
001 117069
003 ES-MaACL
005 20230906190825.0
007 t|
008 070228s1946 sp r ||||1| spa d
100 1 _aPassuth, Laszlo.
_989460
245 1 3 _aEl dios de la lluvia llora sobre Méjico /
_cLaszlo Passuth ; versión española de Joaquín Verdaguer.
250 _a[1ª ed.].
260 _aBarcelona :
_bLuis de Caralt,
_c1946.
300 _a578 p. ;
_c21 cm.
490 1 _aGigante
700 1 _aVerdaguer, Joaquín.
_9114000
830 0 _aGigante
_9181050
852 _aES-MaACL
_jF-5232
_bR.27135
999 _c117069
_d117069